00411nam a22001457a 4500003000400000020001800004082001800022100002400040245001900064260003300083300000700116942001200123952011300135999001700248SGT a9786207469512 a617.601bR24S aSrivastava, Rangoli aRadiant Smiles bLambert Academic Pub. c2024 a46 2ddccBK 00102ddc4071aFDbFDcREFd2024-09-30iSGTUl0o617.601 R24SpFD9583r2024-09-30 00:00:00w2024-09-30yBK c27057d27057